000 00887nas a2200277 4500
001 BR7900854
003 BR-BrBNA
005 20231205083629.0
007 ta
008 230509b bl.|||p| |||| 00| 00por d
040 _aBR-BrBNA
_bpor
_cBiblioteca Nacional de Agricultura
041 _a(Pt)
072 _aF30; F60
100 1 _aBarbosa, H.M.
100 1 _aGlover, D.V.
245 1 _aTeores de acucares e polissacarideos soluveis em agua em mutantes e combinacoes de mutantes que afetam o endosperma do milho [Zea mays]
650 _aMELHORAMENTO GENETICO VEGETAL
650 _aFISIOLOGIA VEGETAL
650 _aMILHO
650 _aENDOSPERMA
650 _aPOLISSACARIDEO
650 _aANALISE QUIMICA
773 0 _tRevista Ceres (Brazil)
_xISSN 0034-737X
_g(Sep 1978), v. 25(141) p. 480-485
_wBR7900854
909 _a202311
_bLúcia
_c55
_dLúcia Elande
942 _2AGRIS
_n0
_cANA
999 _c100184
_d100184